000
00216 a2200097 4500
001
25530
100
_a
Ashford, F
245
_a
Aesthetics of Engg. Design
260
_a
_b
Business books Ltd
_c
090
_c
17254
_d
17254
942
_a
NUST-CAE
_c
M
_c
8063
999
_c
260603
_d
260603